000
00320nam a2200133Ia 4500
100
_a
Dadhe/ Jamdar/Walavalkar/ Bhattacharya
942
_c
BK
654
_a
Applied mechanics
245
_a
Fund. of Applied Mechanics
260
_b
Saritha Prakashan
_a
Poona
_c
1973
082
_a
620.1
300
_a
564
546
_a
ENGLISH
999
_c
23949
_d
23949